000 00657nam a22002177a 4500
003 OSt
005 20140310181929.0
008 130722t xxu||||| |||| 00| 0 eng d
020 _a9780764134319
050 _aQD 31.2
_b.T37 2006
082 _aTRS 540.76
_bT17 2006
100 _aAlbert S. Tarendash.
_92539
245 _aLet's review :
_bChemistry-- the physical setting /
_cAlbert S. Tarendash.
260 _aNew York :
_bBarrons Educational Series,
_c2006.
300 _aXIII, 577 p. :
_bill. ;
_c23 cm.
521 _aTeachers
541 _j1
562 _e1
650 _2Chemistry
_xExaminations, questions
_92540
942 _2lcc
_cBK-TR
_kTR
999 _c7266
_d7266